| 000 | 00672nam a22002177a 4500 | ||
|---|---|---|---|
| 942 | _cBK | ||
| 999 |
_c766 _d766 |
||
| 005 | 20250420134824.0 | ||
| 008 | 211116b ||||| |||| 00| 0 eng d | ||
| 020 | _a9781316628157 | ||
| 040 | _cKCST | ||
| 082 |
_a425.6 _bMc En |
||
| 100 |
_aMcCarthy, Michael _d1947- _95303 |
||
| 245 |
_aEnglish phrasal verbs in use : _b70 units of vocabulary reference and practice, self-study and classroom use / |
||
| 250 | _a2 | ||
| 260 |
_aCambridge: _bCambridge University Press; _c2017. |
||
| 300 | _a200 p. | ||
| 440 |
_aExperience better learning _95561 |
||
| 650 |
_aEnglish language _vVerb phrases. _95562 |
||
| 700 |
_aO'Dell, Felicity _94924 |
||
| 942 | _2ddc | ||